| 000 | 00389nam a2200145Ia 4500 | ||
|---|---|---|---|
| 008 | 230511s2002 xx 000 0 und d | ||
| 020 | _a0-201-73483-4 | ||
| 041 | _aeng | ||
| 082 | _a778.5235029 | ||
| 100 | _aWohl Michael | ||
| 245 | _aEditing Techniques with Fianl Cut Pro | ||
| 260 |
_aCalifornia _bPeachpit Press Berkeley _c2002 |
||
| 300 | _a457PB 23X18 cm | ||
| 650 | _aEditing (P) | ||
| 999 |
_c354916 _d354916 |
||